Big Data Analytics 5th International Conference, BDA 2017, Hyderabad, India, December 12-15, 2017, Proceedings /

This book constitutes the refereed conference proceedings of the 5th International Conference on Big Data Analytics, BDA 2017, held in Hyderabad, India, in December 2017. The 21 revised full papers were carefully reviewed and selected from 80 submissions and cover topics on big data analytics, infor...

Full description

Bibliographic Details
Corporate Author: SpringerLink (Online service)
Other Authors: Reddy, P. Krishna (Editor), Sureka, Ashish (Editor), Chakravarthy, Sharma (Editor), Bhalla, Subhash (Editor)
Format: Electronic eBook
Language:English
Published: Cham : Springer International Publishing : Imprint: Springer, 2017.
Series:Lecture Notes in Computer Science, 10721
Subjects:
Online Access:Full Text via HEAL-Link
LEADER 02696nam a22005775i 4500
001 978-3-319-72413-3
003 DE-He213
005 20171125012913.0
007 cr nn 008mamaa
008 171125s2017 gw | s |||| 0|eng d
020 |a 9783319724133  |9 978-3-319-72413-3 
024 7 |a 10.1007/978-3-319-72413-3  |2 doi 
040 |d GrThAP 
050 4 |a QA76.9.D343 
072 7 |a UNF  |2 bicssc 
072 7 |a UYQE  |2 bicssc 
072 7 |a COM021030  |2 bisacsh 
082 0 4 |a 006.312  |2 23 
245 1 0 |a Big Data Analytics  |h [electronic resource] :  |b 5th International Conference, BDA 2017, Hyderabad, India, December 12-15, 2017, Proceedings /  |c edited by P. Krishna Reddy, Ashish Sureka, Sharma Chakravarthy, Subhash Bhalla. 
264 1 |a Cham :  |b Springer International Publishing :  |b Imprint: Springer,  |c 2017. 
300 |a XII, 311 p. 112 illus.  |b online resource. 
336 |a text  |b txt  |2 rdacontent 
337 |a computer  |b c  |2 rdamedia 
338 |a online resource  |b cr  |2 rdacarrier 
347 |a text file  |b PDF  |2 rda 
490 1 |a Lecture Notes in Computer Science,  |x 0302-9743 ;  |v 10721 
505 0 |a Big data analytics -- Information and knowledge management -- Mining of massive datasets -- Computational modeling -- Data mining and analysis. 
520 |a This book constitutes the refereed conference proceedings of the 5th International Conference on Big Data Analytics, BDA 2017, held in Hyderabad, India, in December 2017. The 21 revised full papers were carefully reviewed and selected from 80 submissions and cover topics on big data analytics, information and knowledge management, mining of massive datasets, computational modeling, data mining and analysis. 
650 0 |a Computer science. 
650 0 |a Computer communication systems. 
650 0 |a Database management. 
650 0 |a Data mining. 
650 0 |a Artificial intelligence. 
650 1 4 |a Computer Science. 
650 2 4 |a Data Mining and Knowledge Discovery. 
650 2 4 |a Database Management. 
650 2 4 |a Information Systems Applications (incl. Internet). 
650 2 4 |a Artificial Intelligence (incl. Robotics). 
650 2 4 |a Computer Communication Networks. 
700 1 |a Reddy, P. Krishna.  |e editor. 
700 1 |a Sureka, Ashish.  |e editor. 
700 1 |a Chakravarthy, Sharma.  |e editor. 
700 1 |a Bhalla, Subhash.  |e editor. 
710 2 |a SpringerLink (Online service) 
773 0 |t Springer eBooks 
776 0 8 |i Printed edition:  |z 9783319724126 
830 0 |a Lecture Notes in Computer Science,  |x 0302-9743 ;  |v 10721 
856 4 0 |u http://dx.doi.org/10.1007/978-3-319-72413-3  |z Full Text via HEAL-Link 
912 |a ZDB-2-SCS 
912 |a ZDB-2-LNC 
950 |a Computer Science (Springer-11645)